000 00706cam a22002533a 4500
001 4612
003 PGUSA
005 20140828083059.0
008 031101s2003||||xxu|||||s|||||000 1 eng d
040 _aPGUSA
_beng
042 _adc
050 4 _aPR
100 1 _aBenson, Arthur Christopher,
_d1862-1925
245 1 4 _aThe Altar Fire
_h[electronic resource] /
_cArthur Christopher Benson
260 _bProject Gutenberg,
_c2003
506 _aPublic domain in the USA.
516 _aElectronic text
653 _aDiary fiction
653 _aAuthors -- Fiction
653 _aSuffering -- Fiction
830 0 _aProject Gutenberg
_v4612
856 4 0 _uhttp://www.gutenberg.org/ebooks/4612
942 _cEB
999 _c233941
_d233941